| 000 | 00436nam a2200157Ia 4500 | ||
|---|---|---|---|
| 008 | 160114s9999 xx 000 0 und d | ||
| 020 | _a1563972794 | ||
| 050 | _a808.83 | ||
| 050 | _b.T568 1993 | ||
| 245 |
_aTis the season : _bholiday stories / |
||
| 260 |
_aUSA : _bBoyds Mills Press, Inc. _c1993 |
||
| 300 | _a96 pages; | ||
| 440 | _aHoliday Stories From Highlights | ||
| 650 | _aChristmas stories. | ||
| 650 | _aHanukkah stories. | ||
| 999 |
_c290398 _d290398 |
||